[Event "XII Lublin Union Memorial 2020"]
[Site "Lublin"]
[Date "2020.11.10"]
[Round "7.3"]
[White "Teclaf, Pawel"]
[Black "Pacan-Milej, Kosma"]
[Result "1/2-1/2"]
[WhiteElo "2477"]
[BlackElo "2423"]
[Annotator "TA"]
[PlyCount "69"]
[EventDate "2020.11.05"]
[EventType "tourn"]
[EventCountry "POL"]
[SourceTitle "playchess.com"]
[Source "ChessBase"]
[SourceQuality "1"]

{[%evp 9,69,-10,5,-11,-7,-6,-4,-16,-2,0,0,-1,0,0,9,4,2,8,23,16,10,12,38,43,52,16,29,-43,-19,-23,-23,-11,-18,-6,-14,-18,-17,-21,-9,-33,0,0,0,0,74,63,82,-16,76,61,156,163,144,107,183,187,198,0,0,0,166,0]} 1. Nf3 d5 2. b3 Bg4 3. e3 Nd7 4. Bb2 c6 5. d3 Ngf6 6. Nbd2 {A06: Réti Opening: 1 Nf3 d5.} e5 7. h3 Bxf3 $1 8. Qxf3 {The position is equal.} Bb4 9. Qd1 Qe7 {[#]} 10. a3 $146 ({Predecessor:} 10. Be2 Ba3 11. Qc1 Bxb2 12. Qxb2 O-O 13. O-O Rfe8 14. Rfe1 Nf8 15. c4 Ng6 16. Bf1 {½-½ (25) Miles,A (2565)-Wells,P (2510) Scarborough 2001}) 10... Bd6 11. g3 h5 12. Bg2 h4 13. g4 Nf8 14. c4 {White wants to play g5.} d4 15. b4 Ne6 16. O-O O-O-O 17. Qe2 Bc7 18. Rae1 (18. Rfe1 $11) 18... Qd7 19. Nf3 Nxg4 20. hxg4 {Bh3 is the strong threat.} h3 21. Nxe5 $1 ({Not} 21. Bh1 $2 Nf4 $1 $19 {[%mdl 512]}) 21... Bxe5 22. Be4 $1 Bc7 23. f4 Rh4 24. Kh1 $1 Kb8 25. Bf5 g6 26. Qf2 Rh7 (26... gxf5 $11 27. Qxh4 dxe3 28. Rxe3 Nxf4) 27. Bxe6 $1 $16 Qxe6 28. Qg3 {[#]} (28. g5 $16) 28... dxe3 (28... g5 $1 $11 {[%mdl 512]}) 29. Rxe3 Qd7 (29... Qc8 $1 $14) 30. Bf6 Rc8 31. Rfe1 {Threatens to win with Re7.} Qd6 (31... a6 $16) 32. Be5 $18 Qd7 33. Bf6 Qd6 $1 {[%cal Rd6f6]} 34. Be5 Qd7 $1 {[#]} 35. Bf6 $2 {Av CentiPawn Loss W=-10/B=-28. Weighted=-13/-27} (35. Bxc7+ $1 $18 Qxc7 36. Re8) 1/2-1/2

[Event "XII Lublin Union Memorial 2020"]
[Site "Lublin"]
[Date "2020.11.10"]
[Round "7.4"]
[White "Ovsejevitsch, Sergei"]
[Black "Nasuta, Grzegorz"]
[Result "1/2-1/2"]
[WhiteElo "2587"]
[BlackElo "2535"]
[Annotator "TA"]
[PlyCount "61"]
[EventDate "2020.11.05"]
[EventType "tourn"]
[EventCountry "POL"]
[SourceTitle "playchess.com"]
[Source "ChessBase"]
[SourceQuality "1"]

{[%evp 9,61,0,0,0,8,11,20,7,10,-41,-33,-45,-44,-58,-61,-76,-73,-98,-61,-47,-44,-79,-12,-55,-59,-58,-63,-61,-64,-59,-54,-66,-58,-102,-56,-64,-68,-66,-64,-68,-51,-40,-47,-58,-47,-47,-47,-47,-34,-40,-39,-25,-19,-30]} 1. Nf3 d5 2. d4 Nf6 3. c4 c6 4. Nbd2 Bf5 5. Nh4 Be4 6. Qb3 {D11: Slav Defence: 3 Nf3 sidelines and 3...Nf6 4 e3 Bg4.} Qb6 7. f3 Qxb3 8. Nxb3 Bc2 {[#]} 9. Kd2 $146 ({Better is} 9. g3 $11) ({Predecessor:} 9. Bd2 h6 10. g4 e6 11. Rc1 Bxb3 12. axb3 Be7 13. Ng2 Nbd7 14. e3 e5 15. dxe5 Nxe5 {1-0 (27) Gareyev,T (2557)-Robson,R (2667) Saint Louis 2019}) 9... Bxb3 $1 $15 10. axb3 e6 {[#] Threatens to win with ...g5.} 11. g3 c5 12. dxc5 Nc6 13. Ng2 O-O-O 14. Kc2 Bxc5 15. Nf4 Nb4+ (15... Nd4+ $17 16. Kc3 dxc4 17. bxc4 b5 18. cxb5 Bb6) 16. Kc3 dxc4 17. bxc4 Rd1 18. Nd3 Nxd3 19. exd3 Rd8 20. Kc2 {[#]} R8xd3 $1 {[%mdl 576] Pin} 21. Ra4 (21. Bxd3 Rxh1) 21... Nd7 (21... Rd7 {seems wilder.} 22. b4 Bf2 23. b5 Ne8 24. g4 Nc7) 22. Bg2 Rxh1 23. Bxh1 Rd6 $1 24. f4 Nb8 25. b4 Bg1 26. h3 Ra6 27. Rxa6 Nxa6 28. Bd2 Nc7 29. g4 g6 30. Kd3 Ne8 31. f5 {Av CentiPawn Loss W=-10/B=-8. Weighted=-12/-10} 1/2-1/2